000 00488nam a2200217 454500
001 059368
003 BD-ChCU
008 Eng
020 _a8120415302
040 _aDLC
_cDLC
_dBD-ChCU
082 0 0 _a631.422/S683
100 1 _ax
_bx
245 1 0 _aSoil fertility and crop production.
_bx
250 _ax
260 _aNew Delhi
_bOxford & IBH
_c2002
300 _ax
504 _ax
650 0 _aSoil fertility
_bSoil science
700 1 _aKrishna, K.R.
942 _2ddc
_cBK
999 _c59368
_d59368